| 000 | 00629nam a2200181Ia 4500 | ||
|---|---|---|---|
| 008 | 140925s9999 xx 000 0 und d | ||
| 020 | _a2063-7330 | ||
| 100 | _aDemeter, Marton. | ||
| 245 |
_aKOME : _ban International Journal of Pure Communication Inquiry / _cMarton Demeter. _h[electronic resource] |
||
| 260 |
_bHungarian Communication Studies Association, _cc2011. |
||
| 516 | _aElectronic text | ||
| 650 | _aJournals. | ||
| 650 | _aMass Communication. | ||
| 830 | _aHungarian Communication Studies Association | ||
| 856 | _uhttp://komejournal.com/ | ||
| 942 | _cEJ | ||
| 999 |
_c275614 _d275614 |
||